000
00253nam a2200109Ia 4500
008
190913s9999||||xx |||||||||||||| ||und||
100
_a
Julian Templeman
245
0
_a
Visual Studio.net
260
_a
USA
_b
McGraw Hill
_c
1994
300
_a
159
942
_c
BK
999
_c
8181
_d
8181